Europa Vielfalt und Einheit: Eine historische Erklarung

Dettagli Bibliografici
Autore principale: Geiss I. Imanuel
Lingua:tedesco
Pubblicazione: Mannheim, Taschenbuchverlag, 1993
Serie:Meyers Forum
Soggetti:
Natura: MixedMaterials Libro
KOHA link:https://koha.lib.tpu.ru/cgi-bin/koha/opac-detail.pl?biblionumber=5118

MARC

LEADER 00000nam0a2200000 4500
001 5118
005 20231030175344.0
010 |a 3411102616 
035 |a (RuTPU)RU\TPU\book\5145 
035 |a BOOK00005193 
090 |a 5118 
100 |a 20011209d1993 m y0gery50 ba 
101 0 |a ger 
102 |a DE 
105 |a y z 000|y 
200 1 |a Europa Vielfalt und Einheit  |e Eine historische Erklarung  |f I. Geiss 
210 |a Mannheim  |a Leipzig  |c Taschenbuchverlag  |d 1993 
215 |a 128 p. 
225 1 |a Meyers Forum  |h 12 
610 1 |a история 
610 1 |a Европа 
686 |a Т3(4)  |v LBC/SL-A  |2 rubbk 
700 1 |a Geiss  |b I.  |g Imanuel 
801 0 |a RU  |b 63413507  |c 20011209  |g PSBO 
801 2 |a RU  |b 63413507  |c 20070313  |g PSBO 
942 |c BK